Povinnosti zamestnávateľa

Predzmluvné vzťahy. Povinnosti počas trvania pracovnoprávneho vzťahu. Mzda za prácu nadčas. Mzda a náhrada mzdy za sviatok. Povinnosti pri zániku pracovnoprávneho vzťahu. Povinnosti pri škodách a ich predchádzaniu. Inšpektoráty práce.

Saved in:
Bibliographic Details
Main Author: Surový, Martin
Format: Book Chapter
Language:Slovak
Subjects:
Tags: Add Tag
No Tags, Be the first to tag this record!

MARC

LEADER 00000naa a2200000 4500
001 0273639
005 20210513141104.7
041 0 |a slo 
044 |a SK 
245 1 0 |a Povinnosti zamestnávateľa  |c Martin Surový 
520 |a Predzmluvné vzťahy. Povinnosti počas trvania pracovnoprávneho vzťahu. Mzda za prácu nadčas. Mzda a náhrada mzdy za sviatok. Povinnosti pri zániku pracovnoprávneho vzťahu. Povinnosti pri škodách a ich predchádzaniu. Inšpektoráty práce. 
610 2 0 |a vzťahy pracovnoprávne 
610 2 0 |a vzťahy pracovné 
610 2 0 |a povinnosti pracovníkov 
610 2 0 |a povinnosti zamestnávateľov 
610 2 0 |a inšpekcia štátna 
100 1 |a Surový, Martin